GL Verbal Reasoning: 11+ Practice papers (Record no. 44589)

MARC details
000 -LEADER
fixed length control field 00668nam a2200169 a 4500
008 - FIXED-LENGTH DATA ELEMENTS--GENERAL INFORMATION
fixed length control field 201202s2019 ||||||||||||||||| || u
020 ## - INTERNATIONAL STANDARD BOOK NUMBER
International Standard Book Number 9781510449770
050 ## - LIBRARY OF CONGRESS CALL NUMBER
Classification number BF 463.V45 Hea
100 ## - MAIN ENTRY--PERSONAL NAME
Personal name Head, Alison
245 10 - TITLE STATEMENT
Title GL Verbal Reasoning: 11+ Practice papers
Statement of responsibility, etc. By Alison Head
260 ## - PUBLICATION, DISTRIBUTION, ETC.
Place of publication, distribution, etc. London
Name of publisher, distributor, etc. Hodder and Stoughton Ltd
Date of publication, distribution, etc. 2019
300 ## - PHYSICAL DESCRIPTION
Extent 56 pages
350 ## - PRICE (NR) (BK AM CF MU VM SE) [OBSOLETE]
Price 19.30
650 ## - SUBJECT ADDED ENTRY--TOPICAL TERM
Topical term or geographic name entry element REASONING(PSYCHOLOGY)--EXAMINATIONS,QUESTIONS ATC
650 ## - SUBJECT ADDED ENTRY--TOPICAL TERM
Topical term or geographic name entry element VERBAL ABILITY--EXAMINATIONS,QUESTIONS ATC
995 ## - RECOMMENDATION 995 [LOCAL, UNIMARC FRANCE]
-- CBU-MAIN LIBRARY (Kitwe)
-- 19.30
-- 1
-- AVAILABLE
-- Dec 9, 2020
-- Main Library Open Access Collection
Holdings
Withdrawn status Lost status Source of classification or shelving scheme Damaged status Not for loan Home library Current library Shelving location Date acquired Total Checkouts Full call number Barcode Date last seen Price effective from Koha item type
          CBU-MAIN LIBRARY, KITWE. CBU-MAIN LIBRARY, KITWE.   11/30/2022   BF 463.V45 Hea 750554 11/30/2022 11/30/2022 MONOGRAPH